| 000 | 01161nas a2200361 4500 | ||
|---|---|---|---|
| 001 | BR2017001637 | ||
| 003 | BR-BrBNA | ||
| 005 | 20231205130957.0 | ||
| 007 | ta | ||
| 008 | 230509b bl.|||p| |||| 00| 00por d | ||
| 040 |
_aBR-BrBNA _bpor _cBiblioteca Nacional de Agricultura |
||
| 041 | _a(Pt) | ||
| 072 | _aF30 | ||
| 100 | 1 | _aGomes Junior, R.A. | |
| 100 | 1 | _aLopes, R. | |
| 100 | 1 | _aCunha, R.N.V. da | |
| 100 | 1 | _aPina, A.J. de A. | |
| 100 | 1 | _aSilva, M.P. da | |
| 100 | 1 | _aResende, M.D.V. de | |
| 245 | 1 | _aCaracterísticas vegetativas na fase juvenil de híbridos interespecíficos de caiaué com dendezeiro | |
| 650 | _aDENDÊ | ||
| 650 | _aCAIAUÉ | ||
| 650 | _aPALMEIRA OLEAGINOSA | ||
| 650 | _aHÍBRIDO | ||
| 650 | _aVARIEDADE RESISTENTE | ||
| 650 | _aSELEÇÃO | ||
| 650 | _aPARÂMETRO GENÉTICO | ||
| 650 | _aMELHORAMENTO GENÉTICO VEGETAL | ||
| 773 | 0 |
_tRevista de Ciências Agrárias (Brazil) _xISSN 2177-8760 _g(Jan-Mar 2015), v. 58(1) p. 27-35 _wBR2017001637 |
|
| 856 | 4 | 0 | _uhttps://periodicos.ufra.edu.br/index.php?journal=ajaes page=issue op=archive |
| 909 |
_a202311 _bLúcia _c55 _dLúcia Elande |
||
| 942 |
_2AGRIS _n0 _cANA |
||
| 999 |
_c252391 _d252391 |
||